01999nam a2200265Ia 4500001000600000003000900006008004100015040001300056040001300069041001300082100002100095100002900116245002800145245002800173250001100201260001100212260001500223260004900238300004200287500129700329650002501626650003101651700002201682700002901704E6750IT-RoPAU130308s9999 xx 000 0 und d aIT-RoPAU cIT-RoPAU aITALIANO aDematte' Claudio gCodice Aut. SPICS: 48683 aImpresa televisiva (L') bImpresa televisiva (L') a1a ed. aMILANO bEtas Libri c1997 [1° Ed.:1997 - Ed.Ling.Originale:1997] a"256 p. (prefazione: 16; testo: 240)" aProdotto Televisivo. Modelli di finanziamento ed Evoluzione del Settore. Diversificazione dell'Offerta. Percorsi del settore Televisivo Negli Stati Uniti e in Europa. regole del Settore: intervento Pubblico, Disciplina di regolamentazione e Organismi di Regolamentazione, normativa Internazionale. Attività di Produzione: Tecnica Cinematografica e Televisiva, Evoluzione della Produzione Audiovisiva, produrre o Accuistare?. Produzione di Fiction: Industria Cinematografica, Fiction Televisiva, mercato dei Diritti Televisivi. Produzione televisiva Non Fiction: Produzione in Interni ed Esterni, imprese e Organizzazione Produttiva, costi e Gestione. Palinsesto: mercato Diriferimento, Attività di Programmazione, Processo di Costruzione del Palinsesto. Distribuzione dell'Offerta: impianti e Tecnologie, Trasmissione, Ricezione, Televisione Interattiva. Fonti di Ricavo: Tipologia delle Fonti, Modello Pubblico e Privato. Dimensione Geografica del Mercato: Emittente locale e Internazionale. Equilibrio Economico e Finanziario. strategie di Sviluppo delle imprese Televisive: strategie di Espansione, D'Internazionalizzazione, D'Integrazione verticale e di Diversificazione. convergenza tra imprese televisive e imprese di Telecomunicazione. futuro dell'impresa Televisiva. Bibliografia. aINDUSTRIA TELEVISIVA eCodice materia Spics: 6956 aPerretti Fabrizio gCodice Aut. SPICS: 44918